Environmentální aspekty podnikových investic a jejich hodnocení

Vymedzenie pojmu investičné rozhodovanie. Úloha finančných kritérií v rozhodovaní firmy. Metódy posudzovania efektívnosti investičných projektov. Vplyv daní na kapitálové plánovanie a investičné rozhodovanie. Rozhodovanie so zreteľom na životné prostredie.

Na minha lista:
Detalhes bibliográficos
Autor principal: Buryan, Šimon
Formato: Capítulo de Livro
Idioma:tcheco
Assuntos:
Tags: Adicionar Tag
Sem tags, seja o primeiro a adicionar uma tag!

MARC

LEADER 00000naa a2200000 4500
001 0235021
005 20220713131048.1
041 0 |a cze 
044 |a CZ 
245 1 0 |a Environmentální aspekty podnikových investic a jejich hodnocení  |c Šimon Buryan 
520 |a Vymedzenie pojmu investičné rozhodovanie. Úloha finančných kritérií v rozhodovaní firmy. Metódy posudzovania efektívnosti investičných projektov. Vplyv daní na kapitálové plánovanie a investičné rozhodovanie. Rozhodovanie so zreteľom na životné prostredie. 
610 2 0 |a rozhodovanie investičné 
610 2 0 |a rozhodovanie strategické 
610 2 0 |a politika environmentálna 
610 2 0 |a investície finančné 
610 2 0 |a projekty investičné 
610 2 0 |a efektívnosť investícií ekonomická 
100 1 |a Buryan, Šimon